000 02038nam0a2200361 4500
001 RU\NLR\bibl\48095
005 20250616083028.0
010 _a5-7563-0101-1
_9500
021 _aRU
_b99-25702
_91253
035 _a(NLR Aleph) 000046933
090 _a249231
_c249231
100 _a19990920d1999 |||y0rusy50 ca
101 0 _arus
102 _aRU
105 _ay |||||||||
200 1 _aОбщая культура человека в системе требований государственного образовательного стандарта
_fИ.А. Зимняя, Б.Н. Боденко, Т.А. Кривченко, Н.А. Морозова
_gМ-во общ. и проф. образования Рос. Федерации, Исслед. центр пробл. качества подгот. специалистов. Сектор "Гуманизация образования"
210 _aМ.
_cИсслед. центр пробл. качества подгот. специалистов
_d1999
215 _a66 с.
_d21
300 _aВ вып. дан. 1-й авт.: д.психол.н., проф., акад. РАО И.А. Зимняя
320 _aБиблиогр.: с. 61-66
606 0 _aКультура
_xИзучение в школе
_91207181
_3RU\NLR\auth\66489605
606 0 _aГуманитарное образование
_yРоссийская Федерация
_92112705
_3RU\NLR\auth\661276657
606 0 _aГуманитарные науки
_xМетодика преподавания
_xСредняя школа
_9913677
_3RU\NLR\auth\66334015
686 _aЧ426.302
701 1 _aЗимняя
_bИ. А.
_gИрина Алексеевна
_4070
701 1 _aБоденко
_bБ. Н.
_gБорис Николаевич
_4070
701 1 _aКривченко
_bТ. А.
_gТамара Анисимовна
_4070
801 0 _aRU
_bNLR
_c19990920
_gPSBO
801 1 _aRU
_bNLR
_c19990920
852 _aNLR
_j99-4/5951
942 _cBOOK
980 _aNB